000 00264nam a2200097Ia 4500
001 1070948
005 20250827002115.0
008 250824s9999 xx 000 0 und d
245 0 _aTEMBEL HAYVANLAR FELSEFE YAPARSA
_cJENNİFER MCCARTNEY
260 _bORENDA YAYINLARI
999 _c1070948
_d1070948